| 000 | 00636nam a2200193 i 4500 | ||
|---|---|---|---|
| 001 | 122384 | ||
| 003 | ES-MaACL | ||
| 005 | 20250927111459.0 | ||
| 007 | t| | ||
| 008 | 070214s1903 sp r ||||1| spa d | ||
| 100 | 1 |
_aPrieto y Villarreal, Emilio. _993952 |
|
| 245 | 1 | 0 |
_aRuiz Zorrilla, desde su expulsión de España hasta su muerte _b: (1875 - 1895) : recuerdos políticos de Emilio Prieto y Villarreal. |
| 260 |
_aMadrid : _bM. Romero, _c1903. |
||
| 300 |
_a484 p. ; _c19 x 12 cm. |
||
| 600 | 1 | 4 |
_aRuiz Zorrilla, Manuel, _d1833-1895 _9100967 |
| 852 |
_aES-MaACL _jG-595 |
||
| 852 |
_aES-MaACL _jD-1281 |
||
| 999 |
_c122384 _d122384 |
||